Исследование показателей надежности программного обеспечения; Современные технологии поддержки принятия решений в экономике

Bibliographic Details
Parent link:Современные технологии поддержки принятия решений в экономике.— 2014.— [С. 60-63]
Main Author: Гнедаш Е. В.
Corporate Author: Национальный исследовательский Томский политехнический университет (ТПУ) Юргинский технологический институт (филиал) (ЮТИ) Кафедра информационных систем (ИС)
Other Authors: Чернышёва Т. Ю. Татьяна Юрьевна (научный руководитель)
Summary:Заглавие с титульного экрана
Language:Russian
Published: 2014
Series:Системный анализ, управление и обработка информации в экономике
Subjects:
Online Access:http://earchive.tpu.ru/handle/11683/69472
http://www.lib.tpu.ru/fulltext/c/2014/C79/024.pdf
Format: Electronic Book Chapter
KOHA link:https://koha.lib.tpu.ru/cgi-bin/koha/opac-detail.pl?biblionumber=608032

MARC

LEADER 00000naa2a2200000 4500
001 608032
005 20260317092003.0
035 |a (RuTPU)RU\TPU\conf\5448 
035 |a RU\TPU\conf\5438 
090 |a 608032 
100 |a 20140912d2014 k y0rusy50 ca 
101 0 |a rus 
102 |a RU 
135 |a drgn ---uucaa 
181 0 |a i  
182 0 |a b 
200 1 |a Исследование показателей надежности программного обеспечения  |f Е. В. Гнедаш  |g науч. рук. Т. Ю. Чернышёва 
203 |a Текст  |c электронный 
225 1 |a Системный анализ, управление и обработка информации в экономике 
300 |a Заглавие с титульного экрана 
320 |a [Библиогр.: с. 63 (4 назв.)] 
337 |a Adobe Reader 
463 0 |0 (RuTPU)RU\TPU\conf\5406  |t Современные технологии поддержки принятия решений в экономике  |o сборник трудов Всероссийской научно-практической конференции студентов, аспирантов и молодых ученых, 28-20 апреля 2014 г., г. Юрга  |f Национальный исследовательский Томский политехнический университет (ТПУ), Юргинский технологический институт (ЮТИ) ; отв. ред. А. А. Захарова  |v [С. 60-63]  |d 2014 
610 1 |a труды учёных ТПУ 
610 1 |a электронный ресурс 
610 1 |a надежность 
610 1 |a программное обеспечение 
610 1 |a функциональная надежность 
700 1 |a Гнедаш  |b Е. В. 
702 1 |a Чернышёва  |b Т. Ю.  |c специалист в области информационных технологий  |c доцент Юргинского технологического института (филиала) Томского политехнического университета  |g Татьяна Юрьевна  |4 727 
712 0 2 |a Национальный исследовательский Томский политехнический университет (ТПУ)  |b Юргинский технологический институт (филиал) (ЮТИ)  |b Кафедра информационных систем (ИС)  |3 (RuTPU)RU\TPU\col\18893 
801 2 |a RU  |b 63413507  |c 20220214  |g RCR 
856 4 |u http://earchive.tpu.ru/handle/11683/69472 
856 4 |u http://www.lib.tpu.ru/fulltext/c/2014/C79/024.pdf 
942 |c BK